| 000 | 00455nam a2200133Ia 4500 | ||
|---|---|---|---|
| 008 | 170221s9999 xx 000 0 und d | ||
| 100 | _aJonathan Goslin | ||
| 245 | 4 | _aThe Usefulness of Financial Statement Information in Predicting Stock Returns: New Zealand Evidence | |
| 245 | _cJonathan Goslin, Daniel Chai, and Abeyratna Gunasekarage | ||
| 260 | _c2014 | ||
| 300 | _a5 : 1 | ||
| 650 | _xBusiness | ||
| 856 | _uhttp://ro.uow.edu.au/aabfj/vol6/iss2/5/ | ||
| 999 |
_c313661 _d313661 |
||